• 首页
  • 本馆介绍
  • 公告通知
  • 最新文献
  • 馆藏检索
  • 电子资源
  • 读者导购
  • 参考咨询
  • 我的图书馆
  • 登录
  • 详细信息显示
  • 放入我的书架
  • 预约/预借图书
  • 作者相关作品
  • 分类相关作品
  • 丛书相关作品
  • 出版社相关作品

书目信息

  • 表格格式
  • 工作单格式
  • 卡片格式
题名:
电工电子技术实验教程
    
 
作者: 曹海平 主编
分册:  
出版信息: 北京   电子工业出版社  2010
页数: 237页
开本: 26cm
丛书名: 21世纪高等学校本科电子电气专业系列实用教材
单 册:
中图分类: TM-33 , TN-33
科图分类:
主题词: 电子技术--实验--高等学校--教材 , 电工技术--实验--高等学校--教材
电子资源:
ISBN: 978-7-121-10514-2
000 01234nam0 2200277 450
001 673
005 20160908110813.04
010    @a978-7-121-10514-2@dCNY25.00
100    @a20100408d2010 em y0chiy50 ea
101 0  @achi
102    @aCN@b110000
105    @ay z 000yy
200 1  @a电工电子技术实验教程@9dian gong dian zi ji shu shi yan jiao cheng@f曹海平主编
210    @a北京@c电子工业出版社@d2010
215    @a237页@d26cm
225 2  @a21世纪高等学校本科电子电气专业系列实用教材@921 shi ji gao deng xue xiao ben ke dian zi dian qi zhuan ye xi lie shi yong jiao cai
330    @a本书是根据社会发展及教学改革的新形势,基于培养适应社会需求的高素质应用型人才的目的,依托高等工科院校本科非电类专业相关课程(电工技术、电子技术)的基本实验要求而编写的实验类课程教材。本书共有三章:第一章为常用电子仪器的基本原理与使用;第二章为电工技术实验;第三章为电子技术实验。
333    @a使用对象:工科院校非电类专业师生
461  0 @12001 @a21世纪高等学校本科电子电气专业系列实用教材
606 0  @a电子技术@x实验@x高等学校@j教材
606 0  @a电工技术@x实验@x高等学校@j教材
690    @aTM-33@v4
690    @aTN-33@v4
701  0 @a曹海平@9cao hai ping@4主编
801  0 @aCN@b唐山师范学院图书馆@c20160723
905    @aZUCC@dTM-33@e76
    
    电工电子技术实验教程/曹海平主编.-北京:电子工业出版社,2010
    237页;26cm.-(21世纪高等学校本科电子电气专业系列实用教材)
    使用对象:使用对象:工科院校非电类专业师生
    
    ISBN 978-7-121-10514-2:CNY25.00
    本书是根据社会发展及教学改革的新形势,基于培养适应社会需求的高素质应用型人才的目的,依托高等工科院校本科非电类专业相关课程(电工技术、电子技术)的基本实验要求而编写的实验类课程教材。本书共有三章:第一章为常用电子仪器的基本原理与使用;第二章为电工技术实验;第三章为电子技术实验。
●
相关链接 在E读中查询图书 在五车中查询图书 在当当中查询图书 在豆瓣中查询图书


正题名:电工电子技术实验教程     索取号:TM-33/76         预约/预借

序号 登录号 条形码 馆藏地/架位号 状态 备注
1 902935   209029353   第二样本阅览室/ [索取号:TM-33/76] 在馆    
2 902936   209029362   第三借阅区/ [索取号:TM-33/76] 在馆    
3 902937   209029371   第三借阅区/ [索取号:TM-33/76] 在馆    
4 902938   209029380   第三借阅区/ [索取号:TM-33/76] 在馆    
5 902939   209029399   第三借阅区/ [索取号:TM-33/76] 在馆    
唐山师范学院图书馆 欢迎您!
大连网信软件有限公司© 版权所有